[Event "TUR-ch U13/18 Girls"]
[Site "Antalya"]
[Date "2023.01.26"]
[Round "7"]
[White "Keskinler, Ela"]
[Black "Cemali, Seda"]
[Result "1/2-1/2"]
[WhiteElo "1501"]
[BlackElo "1137"]
[PlyCount "92"]
[EventDate "2023.01.17"]
[EventType "swiss"]
[EventRounds "9"]
[EventCountry "TUR"]
[SourceTitle "EXT 2024"]
[Source "ChessBase"]
[SourceDate "2023.10.10"]
[SourceVersion "1"]
[SourceVersionDate "2023.10.10"]
[SourceQuality "1"]

1. d4 Nf6 2. Bf4 d5 3. Nf3 c5 4. c3 Nc6 5. Nbd2 Qb6 6. Qb3 c4 7. Qc2 g6 8. b3 Bf5 9. Qb2 Bg7 10. Nh4 Bd7 11. Qc2 h6 12. Bg3 cxb3 13. Qxb3 Qxb3 14. axb3 Nh5 15. e3 Nxg3 16. hxg3 Rc8 17. e4 dxe4 18. Nxe4 g5 19. Nf3 b6 20. Bb5 Rc7 21. 0-0 0-0 22. Rfe1 Na5 23. Bxd7 Rxd7 24. b4 Nc4 25. Ned2 Nxd2 26. Nxd2 e5 27. Nb3 exd4 28. cxd4 Bxd4 29. Nxd4 Rxd4 30. Rxa7 Rxb4 31. Ree7 Rb1+ 32. Kh2 b5 33. Rab7 b4 34. Kh3 b3 35. Kg4 Kg7 36. f4 b2 37. Kf5 Kg8 38. Re2 gxf4 39. gxf4 Rc8 40. Rbxb2 Rxb2 41. Rxb2 Kg7 42. Rb5 Rc6 43. g4 Rf6+ 44. Ke4 Re6+ 45. Re5 Rxe5+ 46. fxe5 Kh7 1/2-1/2

[Event "TUR-ch (Women)"]
[Site "Ayvalik"]
[Date "2022.03.09"]
[Round "6"]
[White "Keskinler, Ela"]
[Black "Kayis, Gulcan Sena"]
[Result "0-1"]
[WhiteElo "1364"]
[BlackElo "1650"]
[PlyCount "50"]
[EventDate "2022.03.05"]
[EventType "swiss"]
[EventRounds "9"]
[EventCountry "TUR"]
[SourceTitle "EXT 2023"]
[Source "ChessBase"]
[SourceDate "2022.10.05"]
[SourceVersion "1"]
[SourceVersionDate "2022.10.05"]
[SourceQuality "1"]

1. e4 c6 2. Nc3 d5 3. d4 Nf6 4. exd5 cxd5 5. Nf3 Nc6 6. h3 Bf5 7. Be3 e6 8. Qd2 Qb6 9. Na4 Qb4 10. b3 Bxc2 11. Qxb4 Bxb4+ 12. Bd2 0-0 13. Rc1 Be4 14. Bxb4 Nxb4 15. Nc3 Rac8 16. Kd2 Bg6 17. a3 Rxc3 18. Kxc3 Na2+ 19. Kb2 Nxc1 20. Kxc1 Rc8+ 21. Kb2 Rc2+ 22. Ka1 Rxf2 23. Rg1 Ne4 24. Kb1 Nc3+ 25. Kc1 Rc2# 0-1

[Event "EU-ch Hybrid U12 Girls"]
[Site "Tornelo INT"]
[Date "2021.10.15"]
[Round "7"]
[White "Keskinler, Ela"]
[Black "Bizheva, Stefani"]
[Result "1-0"]
[WhiteElo "1363"]
[BlackElo "1274"]
[PlyCount "61"]
[EventDate "2021.10.15"]
[EventType "swiss"]
[EventRounds "9"]
[EventCountry "NET"]
[SourceTitle "EXT 2023"]
[Source "ChessBase"]
[SourceDate "2022.10.05"]
[SourceVersion "1"]
[SourceVersionDate "2022.10.05"]
[SourceQuality "1"]
[WhiteTeam "Turkey"]
[BlackTeam "Bulgaria"]
[WhiteTeamCountry "TUR"]
[BlackTeamCountry "BUL"]

1. e4 g6 2. d4 c6 3. Nc3 d5 4. h3 Bg7 5. Nf3 Nh6 6. Bf4 f6 7. exd5 cxd5 8. Nb5 Na6 9. c4 Be6 10. c5 0-0 11. Bd3 Nf7 12. 0-0 Bd7 13. Re1 Re8 14. Nc3 e5 15. Bxa6 bxa6 16. Bh2 e4 17. Nd2 f5 18. Nf1 Bc6 19. Ne3 Qd7 20. b4 g5 21. a4 f4 22. Nc2 Re6 23. Na3 Rb8 24. b5 axb5 25. axb5 Ba8 26. c6 Qc8 27. Nxd5 Nd6 28. Qb3 Bxc6 29. Ne7+ Kf7 30. Nxc8 Nxc8 31. d5 1-0

[Event "EU-ch Hybrid U12 Girls"]
[Site "Tornelo INT"]
[Date "2021.10.15"]
[Round "1"]
[White "Shukhman, Anna"]
[Black "Keskinler, Ela"]
[Result "1-0"]
[WhiteElo "2042"]
[BlackElo "1363"]
[PlyCount "123"]
[EventDate "2021.10.15"]
[EventType "swiss"]
[EventRounds "9"]
[EventCountry "NET"]
[SourceTitle "EXT 2023"]
[Source "ChessBase"]
[SourceDate "2022.10.05"]
[SourceVersion "1"]
[SourceVersionDate "2022.10.05"]
[SourceQuality "1"]
[WhiteTeam "Russia"]
[BlackTeam "Turkey"]
[WhiteTeamCountry "RUS"]
[BlackTeamCountry "TUR"]

1. e4 e6 2. d4 d5 3. Nc3 Nf6 4. e5 Nfd7 5. f4 c5 6. Nf3 Nc6 7. Be3 Qb6 8. Na4 Qa5+ 9. c3 b6 10. Bd2 c4 11. b4 Nxb4 12. cxb4 Bxb4 13. Qc2 Bxd2+ 14. Nxd2 b5 15. Nc3 0-0 16. Rb1 b4 17. Qa4 Qxa4 18. Nxa4 a5 19. Nxc4 dxc4 20. Bxc4 Bb7 21. 0-0 Bc6 22. Bb3 Bxa4 23. Bxa4 Nb6 24. Bc6 Rac8 25. Rbc1 Rfd8 26. Rfd1 a4 27. Rc5 Nd5 28. Bxd5 exd5 29. Rb1 Rb8 30. Ra5 Rdc8 31. Rxd5 Rc4 32. f5 Kf8 33. f6 gxf6 34. exf6 Rc6 35. Rxb4 Re8 36. Re5 Rc1+ 37. Kf2 Rc2+ 38. Kf3 Rxa2 39. Ra5 Ra1 40. Rbxa4 Rf1+ 41. Kg4 Rxf6 42. Ra8 Rd6 43. Rxe8+ Kxe8 44. Kf5 Kf8 45. Ke5 Re6+ 46. Kd5 Re2 47. Ra3 Rxg2 48. Rh3 Rg5+ 49. Kc6 Rg6+ 50. Kc7 Rg5 51. Rxh7 Rd5 52. Rh4 Ke7 53. Re4+ Kf6 54. Kc6 Rh5 55. Re2 Rh4 56. d5 Rd4 57. d6 Rc4+ 58. Kd7 Rd4 59. Kc7 Rc4+ 60. Kd8 Rd4 61. d7 Kg7 62. Ke8 1-0

[Event "EU-ch Hybrid U12 Girls"]
[Site "Tornelo INT"]
[Date "2021.10.15"]
[Round "8"]
[White "Toth, Lili1111"]
[Black "Keskinler, Ela"]
[Result "1-0"]
[WhiteElo "1780"]
[BlackElo "1363"]
[PlyCount "113"]
[EventDate "2021.10.15"]
[EventType "swiss"]
[EventRounds "9"]
[EventCountry "NET"]
[SourceTitle "EXT 2023"]
[Source "ChessBase"]
[SourceDate "2022.10.05"]
[SourceVersion "1"]
[SourceVersionDate "2022.10.05"]
[SourceQuality "1"]
[WhiteTeam "Hungary"]
[BlackTeam "Turkey"]
[WhiteTeamCountry "HUN"]
[BlackTeamCountry "TUR"]

1. d4 d5 2. c4 e6 3. Nf3 Nf6 4. Qc2 c5 5. dxc5 Qc7 6. Nc3 Bxc5 7. e3 a6 8. cxd5 exd5 9. Be2 0-0 10. 0-0 b6 11. Rd1 Nc6 12. a3 Rd8 13. Nd4 Nxd4 14. exd4 Bd6 15. g3 Bh3 16. Bg5 Be7 17. Bd3 Qd6 18. Bxf6 Qxf6 19. Bxh7+ Kh8 20. Bd3 Qf3 21. Bf1 Bxf1 22. Rxf1 Bf6 23. Rad1 Rac8 24. Rd3 Qg4 25. Qd2 Rd6 26. Kg2 Rc4 27. Rd1 g5 28. h3 Qh5 29. b3 Rc8 30. Re1 Kg7 31. Rf3 Rh8 32. g4 Qh7 33. Ne2 Rc6 34. Rc1 Rxc1 35. Qxc1 Qe4 36. Ng3 Qe6 37. Nh5+ Rxh5 38. gxh5 Kh6 39. Qe3 Qd6 40. Qd3 Qe6 41. Qf5 Bxd4 42. Qxf7 Qxf7 43. Rxf7 Bb2 44. a4 Kxh5 45. Rb7 Bd4 46. Rd7 Bc5 47. Rxd5 Kh4 48. Rd7 Kh5 49. f3 Kg6 50. Kg3 Kf5 51. Rd5+ Kg6 52. Kg4 Be7 53. Re5 Bd8 54. Re6+ Kf7 55. Kf5 a5 56. Rg6 Kf8 57. Rxg5 1-0